| 000 | 00384 a2200145 4500 | ||
|---|---|---|---|
| 999 |
_c321126 _d321126 |
||
| 001 | 86053 | ||
| 003 | NUST | ||
| 005 | 20180124103142.0 | ||
| 008 | 180120b xxu||||| |||| 00| 0 eng d | ||
| 020 | _a9788185063720 | ||
| 082 | _a297.63 WAH | ||
| 100 |
_aMaulana Wahiduddin Khan _99308 |
||
| 245 | _aWords of the Prophet Muhammad : Selection from the Hadith | ||
| 260 |
_aIndia _bAl Risala Books _c1996 |
||
| 300 | _a112p. | ||
| 500 | _aPAF Book Club | ||
| 942 |
_aCAE NUST _cBK _k297.63 WAH _2ddc |
||